000 00571nam a2200217Ia 4500
003 OSt
005 20230329111122.0
008 210423s1988 xx 000 0 und d
020 _a9785126478
040 _cAL
041 _aeng
082 _a519.2 NEWJ
100 _aNEWMARK (Joseph).
_979534
245 _aStatistics and probability in modern life.
250 _a4
260 _aNew York
_bSaunders College Publishing
_c1988
300 _axxi,651,A.90,I.3
_bPB
365 _b1400
_cINR
906 _alife. ; modern ; probability ; Statistics
942 _2ddc
_cBK
999 _c156368
_d156368